Ouros do Brasil no Palácio Nacional da Ajuda (Registo nº 200886)
[ vista simples ]
| 000 -Etiqueta do registo | |
|---|---|
| Valores | 00522nam 22001693 4500 |
| 100 ## - Dados gerais de processamento | |
| Dados gerais | 20260302d u||y0pory50 ba |
| 200 ## - Titulo e menção de responsabilidade | |
| Título próprio | Ouros do Brasil no Palácio Nacional da Ajuda |
| Primeira menção de responsabilidade | coordenação Isabel da Silveira Godinho |
| 210 ## - Publicação | |
| Local de publicação | [Lisboa] |
| Nome do editor | Palácio Nacional da Ajuda |
| Data de publicação | 1986 |
| 215 ## - Descrição física | |
| Paginação / Volumes | 24 p. |
| Outras indicações físicas | il. ; brochado |
| Dimensões | 21 cm |
| 606 ## - Nome comum usado como assunto | |
| ID Autoridade | 12133 |
| Palavra de ordem | Arte do Metal |
| 675 ## - CDU | |
| Notação | 739 |
| Edição | PT |
| Língua | por |
| 701 ## - Co-autor principal (pessoa individual) | |
| ID Autoridade | 14243 |
| Apelido | Godinho |
| Nome | Isabel da Silveira |
| 801 ## - Fonte de origem | |
| País | PT |
| Agência | BMMN |
| Regras de catalogação | RPC |
| 830 ## - Notas gerais do catalogador | |
| Criado por | Vanda |
| 990 ## - Elementos KOHA | |
| Tipo de documento | Livro |
| Situação do levantamento | Biblioteca de origem | Código de barras | Cota | Permissão de empréstimo | Tipo de documento | Forma de aquisição |
|---|---|---|---|---|---|---|
| Biblioteca Municipal de Montemor-o-Novo | 30146 | 739 OUR|DEP | Livro | Oferta |